[Event "Bayern-chTT (LL Nord)"]
[Site "Bayern 2008/09"]
[Date "2008.10.26"]
[Round "2.8"]
[White "Maurer, Heinrich(46)"]
[Black "Goetz, Andreas(66)"]
[Result "1/2-1/2"]
[WhiteElo "2063"]
[BlackElo "2072"]
[PlyCount "90"]
[EventDate "2009.03.??"]
[EventType "team-tourn"]
[EventRounds "9"]
[WhiteTeam "Kelheim 1"]
[BlackTeam "Erlangen-SC 1"]

1. e4 c6 2. d4 d5 3. Nc3 dxe4 4. Nxe4 Bf5 5. Ng3 Bg6 6. h4 h6 7. Nf3 Nd7 8. h5
Bh7 9. Bd3 Bxd3 10. Qxd3 Ngf6 11. Bd2 Qc7 12. O-O-O O-O-O 13. Qe2 e6 14. Ne5
Nb6 15. Be3 Nbd5 16. c4 Nxe3 17. Qxe3 Bd6 18. Kb1 c5 19. f4 cxd4 20. Rxd4 Bc5
21. Rxd8+ Rxd8 22. Qe2 Rd4 23. Rf1 Bd6 24. Qe3 Bc5 25. Qe2 a5 26. b3 Bb4 27.
Nd3 Qd6 28. Kc2 Qb6 29. Nxb4 Qxb4 30. Rd1 Qd6 31. Rxd4 Qxd4 32. Qd2 Qg1 33. Qe2
Qa1 34. Kd3 Qb1+ 35. Ke3 Kc7 36. Kf3 Kc8 37. Kf2 Qc1 38. Kf3 Qc3+ 39. Qe3 Qxe3+
40. Kxe3 Kc7 41. Kd4 Kc6 42. a3 Kc7 43. b4 axb4 44. axb4 Kc6 45. Ke5 Ng4+
1/2-1/2

[Event "Bayern-chTT (LL Nord)"]
[Site "Bayern 2008/09"]
[Date "2008.10.26"]
[Round "2.1"]
[White "Tran, Phat"]
[Black "Golda, Harald"]
[Result "1/2-1/2"]
[WhiteElo "2234"]
[BlackElo "2298"]
[PlyCount "91"]
[EventDate "2009.03.??"]
[EventType "team-tourn"]
[EventRounds "9"]
[WhiteTeam "Nürnberg-NT 2"]
[BlackTeam "Schweinfurt 1"]

1. d4 Nf6 2. c4 e6 3. Nf3 b6 4. g3 Ba6 5. Qc2 Bb7 6. Bg2 Bb4+ 7. Nc3 Be4 8. Qb3
Nc6 9. O-O Bxc3 10. Qxc3 O-O 11. Rd1 Qe7 12. b3 Rfe8 13. Bf4 Rac8 14. Rac1 h6
15. Qb2 d6 16. Bd2 e5 17. d5 Bxf3 18. exf3 Nb8 19. Re1 Nbd7 20. b4 Ra8 21. Bc3
Qf8 22. Qd2 a6 23. Bf1 Re7 24. h3 Rae8 25. Re3 Nh7 26. Rce1 g5 27. c5 bxc5 28.
Bxa6 f5 29. f4 cxb4 30. Bxb4 e4 31. Bb5 gxf4 32. gxf4 Rg7+ 33. Kh2 Nhf6 34. Bc3
Ree7 35. Bxd7 Rxd7 36. Qb2 Rg6 37. Bxf6 Qxf6 38. Qxf6 Rxf6 39. Rc1 Rf8 40. Rg3+
Kh7 41. Rgc3 Rc8 42. a4 Kg6 43. Rg1+ Kh7 44. Rgc1 Kg6 45. Rg1+ Kh7 46. Rgc1
1/2-1/2

[Event "Bayern-chTT (LL Nord)"]
[Site "Bayern 2008/09"]
[Date "2008.10.26"]
[Round "2.2"]
[White "Haag, Wolfgang"]
[Black "Sommer, Matthias(70)"]
[Result "1-0"]
[WhiteElo "2160"]
[BlackElo "2141"]
[PlyCount "57"]
[EventDate "2009.03.??"]
[EventType "team-tourn"]
[EventRounds "9"]
[WhiteTeam "Schweinfurt 1"]
[BlackTeam "Nürnberg-NT 2"]

1. d4 Nf6 2. c4 g6 3. Nc3 Bg7 4. e4 d6 5. Nf3 O-O 6. Be2 e5 7. O-O Nc6 8. Be3
Ng4 9. Bg5 f6 10. Bc1 Nh6 11. dxe5 dxe5 12. Qd5+ Nf7 13. Rd1 Qe8 14. Qb5 Ncd8
15. Be3 Ne6 16. Bd3 c6 17. Qa5 Qe7 18. Na4 a6 19. Rd2 Bh6 20. Bxh6 Nxh6 21.
Rad1 Rd8 22. c5 Nf7 23. Bc4 Rxd2 24. Qxd2 Rb8 25. b4 Kf8 26. Nb6 Ned8 27. Qe3
Be6 28. Bxe6 Qxe6 29. Nd7+ 1-0

[Event "Bayern-chTT (LL Nord)"]
[Site "Bayern 2008/09"]
[Date "2008.10.26"]
[Round "2.3"]
[White "Wulfmeyer, Johannes"]
[Black "Huemmer, Bernd"]
[Result "1-0"]
[WhiteElo "2098"]
[BlackElo "2145"]
[PlyCount "95"]
[EventDate "2009.03.??"]
[EventType "team-tourn"]
[EventRounds "9"]
[WhiteTeam "Nürnberg-NT 2"]
[BlackTeam "Schweinfurt 1"]

1. c4 d6 2. Nc3 e5 3. g3 Nc6 4. Bg2 Be6 5. d3 Qd7 6. e4 g6 7. Nd5 Bg7 8. Ne2
Nd8 9. f4 c6 10. Ne3 Ne7 11. O-O f5 12. exf5 Nxf5 13. Nxf5 Bxf5 14. d4 exf4 15.
Nxf4 O-O 16. Be3 Nf7 17. Qd2 Rae8 18. Rae1 Re7 19. h3 Rfe8 20. g4 Be4 21. d5 c5
22. Ne6 Bxg2 23. Kxg2 Ne5 24. b3 Rf7 25. Bh6 Bxh6 26. Qxh6 Rxe6 27. dxe6 Qxe6
28. Rxf7 Qxf7 29. Rf1 Qe8 30. Qe3 Qc6+ 31. Kg3 Qc7 32. Qf4 Nf7 33. g5 Qe7 34.
h4 a6 35. a4 Qe6 36. Qf6 Qe3+ 37. Qf3 Qe5+ 38. Kg2 Qe6 39. a5 Qe7 40. Rf2 Qd7
41. Kf1 Qe7 42. Qf6 Qd7 43. Ke1 Qc7 44. Kd1 Qd7 45. Kc2 d5 46. cxd5 Qxd5 47.
Re2 Nd6 48. Qd8+ 1-0

[Event "Bayern-chTT (LL Nord)"]
[Site "Bayern 2008/09"]
[Date "2008.10.26"]
[Round "2.4"]
[White "Dey, Jan-Marten"]
[Black "Willim, Michael"]
[Result "0-1"]
[WhiteElo "2213"]
[BlackElo "2051"]
[PlyCount "65"]
[EventDate "2009.03.??"]
[EventType "team-tourn"]
[EventRounds "9"]
[WhiteTeam "Schweinfurt 1"]
[BlackTeam "Nürnberg-NT 2"]

1. d4 Nf6 2. Bg5 e6 3. e4 h6 4. Bxf6 Qxf6 5. Nc3 Bb4 6. Nge2 c5 7. a3 cxd4 8.
axb4 dxc3 9. Nxc3 O-O 10. Be2 Nc6 11. b5 Nd4 12. O-O d5 13. Bd3 Rd8 14. Qh5
dxe4 15. Nxe4 Qe7 16. Nc3 Bd7 17. Ra4 Be8 18. Qe5 Qg5 19. Qe4 f5 20. Qxb7 e5
21. f4 Qg4 22. fxe5 Qg5 23. Rxa7 Ne2+ 24. Kh1 Rxa7 25. Qxa7 Nd4 26. Qc7 f4 27.
e6 Nxe6 28. Bc4 Rd2 29. Bxe6+ Kh8 30. Bh3 Rxc2 31. Qc8 Qe7 32. b6 Rxb2 33. Nd5
0-1

[Event "Bayern-chTT (LL Nord)"]
[Site "Bayern 2008/09"]
[Date "2008.10.26"]
[Round "2.5"]
[White "Reiser, Wolfgang"]
[Black "Oechslein, Rainer"]
[Result "1/2-1/2"]
[WhiteElo "2079"]
[BlackElo "2128"]
[PlyCount "54"]
[EventDate "2009.03.??"]
[EventType "team-tourn"]
[EventRounds "9"]
[WhiteTeam "Nürnberg-NT 2"]
[BlackTeam "Schweinfurt 1"]

1. c4 c5 2. g3 g6 3. Bg2 Bg7 4. Nc3 e6 5. a3 Nc6 6. Rb1 Nge7 7. e4 d6 8. Nge2
O-O 9. O-O b6 10. d3 Bb7 11. Bg5 Qd7 12. Qd2 Nd4 13. Nxd4 cxd4 14. Ne2 f5 15.
Rbe1 Nc6 16. Bh6 Bxh6 17. Qxh6 Ne5 18. Nxd4 Nxd3 19. Re2 e5 20. Nf3 Bxe4 21.
Rd1 Bxf3 22. Bxf3 e4 23. Rxd3 exd3 24. Bxa8 dxe2 25. Bd5+ Rf7 26. Qe3 Kf8 27.
Bxf7 Kxf7 1/2-1/2

[Event "Bayern-chTT (LL Nord)"]
[Site "Bayern 2008/09"]
[Date "2008.10.26"]
[Round "2.6"]
[White "Seidens, Udo"]
[Black "Sargin, Anatol"]
[Result "0-1"]
[WhiteElo "2127"]
[BlackElo "2112"]
[PlyCount "83"]
[EventDate "2009.03.??"]
[EventType "team-tourn"]
[EventRounds "9"]
[WhiteTeam "Schweinfurt 1"]
[BlackTeam "Nürnberg-NT 2"]

1. c4 e6 2. g3 d5 3. Nf3 c6 4. Bg2 dxc4 5. a4 Nf6 6. Na3 Qd5 7. Qc2 Bxa3 8.
Rxa3 Na6 9. d3 cxd3 10. Qxd3 Qxd3 11. Rxd3 Nc5 12. Ra3 Nd5 13. O-O Ke7 14. Rd1
Rd8 15. Ne5 f6 16. e4 Nc7 17. Rxd8 Kxd8 18. Be3 Nd7 19. Nc4 Ke7 20. a5 e5 21.
Rd3 Ne6 22. Nd6 b6 23. Nf5+ Kf7 24. Nd6+ Ke7 25. Nf5+ Kf8 26. Rd6 Nd8 27. Rd1
g6 28. Bh6+ Kf7 29. Nd6+ Ke7 30. Bh3 Ne6 31. Bxe6 Kxe6 32. Ne8 Ke7 33. Nc7 Rb8
34. a6 Nc5 35. f4 Bg4 36. Rc1 Rc8 37. b4 Nxe4 38. Rxc6 Kd7 39. Rc4 Nd6 40. Rc1
Rxc7 41. Re1 e4 42. f5 0-1

[Event "Bayern-chTT (LL Nord)"]
[Site "Bayern 2008/09"]
[Date "2008.10.26"]
[Round "2.7"]
[White "Just, Hannes"]
[Black "Rink, Christian"]
[Result "1-0"]
[WhiteElo "2095"]
[BlackElo "2063"]
[PlyCount "89"]
[EventDate "2009.03.??"]
[EventType "team-tourn"]
[EventRounds "9"]
[WhiteTeam "Nürnberg-NT 2"]
[BlackTeam "Schweinfurt 1"]

1. Nf3 Nf6 2. d4 d5 3. c4 c6 4. Nc3 a6 5. g3 dxc4 6. a4 Bf5 7. Bg2 e6 8. O-O
Bb4 9. Ne5 O-O 10. Nxc4 a5 11. Na2 Na6 12. Nxb4 Nxb4 13. Bf4 Nbd5 14. Bd6 Re8
15. Ba3 Nb4 16. Bxb4 axb4 17. e3 Qe7 18. a5 Red8 19. Qb3 Be4 20. Bxe4 Nxe4 21.
Qc2 Nd6 22. Nb6 Ra6 23. Rfd1 h5 24. Qe2 Qg5 25. Rdc1 Rxa5 26. Rxa5 Qxa5 27. Nc4
Nxc4 28. Rxc4 g6 29. Qe1 Ra8 30. Qxb4 Qa1+ 31. Kg2 h4 32. Qxb7 h3+ 33. Kxh3
Qf1+ 34. Kg4 Qe2+ 35. Kh3 Qf1+ 36. Kh4 Ra5 37. Qb8+ Kg7 38. Rc5 Rxc5 39. dxc5
Qc4+ 40. Qf4 Qb5 41. Qd4+ Kg8 42. f4 Qe2 43. Kg5 Qxh2 44. Kf6 Qh8+ 45. Ke7 1-0

[Event "Bayern-chTT (LL Nord)"]
[Site "Bayern 2008/09"]
[Date "2008.10.26"]
[Round "2.8"]
[White "Ehrler, Eberhard"]
[Black "Renner, Christian(69)"]
[Result "1-0"]
[WhiteElo "2077"]
[BlackElo "1970"]
[PlyCount "123"]
[EventDate "2009.03.??"]
[EventType "team-tourn"]
[EventRounds "9"]
[WhiteTeam "Schweinfurt 1"]
[BlackTeam "Nürnberg-NT 2"]

1. e4 c5 2. Nf3 Nc6 3. d4 cxd4 4. Nxd4 Nf6 5. Nc3 e5 6. Ndb5 d6 7. Bg5 a6 8.
Na3 b5 9. Nd5 Be7 10. Bxf6 Bxf6 11. c3 Bg5 12. Nc2 O-O 13. a4 bxa4 14. Rxa4 a5
15. Bb5 Ne7 16. Ncb4 Bb7 17. Nxe7+ Bxe7 18. Nd5 Bg5 19. Qd3 Kh8 20. O-O g6 21.
b3 f5 22. exf5 gxf5 23. Bc4 Bh6 24. Qh3 Bg7 25. Rd1 Bc6 26. Ra2 Bd7 27. Qe3 f4
28. Qb6 Bf5 29. Qxd8 Rfxd8 30. Rda1 e4 31. Rxa5 Rxa5 32. Rxa5 Be5 33. Nxf4 Bxf4
34. Rxf5 Bd2 35. Bd5 Bxc3 36. Bxe4 Re8 37. f3 Bd4+ 38. Kf1 Rb8 39. Rh5 Rxb3 40.
Rxh7+ Kg8 41. Bd5+ Kxh7 42. Bxb3 Kh6 43. f4 Be3 44. g3 Kg6 45. Kg2 Bd2 46. Kf3
Be1 47. Bd5 Kf6 48. Kg4 Bf2 49. Be4 Be1 50. h4 Kg7 51. h5 Kh6 52. Bg6 d5 53.
Kf3 Bc3 54. g4 Bf6 55. Bf7 d4 56. Bc4 Bh4 57. Ke4 Bf2 58. Kf5 Kg7 59. g5 Be3
60. h6+ Kh7 61. Bd3 Kg8 62. g6 1-0

[Event "Bayern-chTT (LL Nord)"]
[Site "Bayern 2008/09"]
[Date "2008.10.26"]
[Round "2.1"]
[White "Hitzler, Philipp"]
[Black "Mathe, Gaspar"]
[Result "0-1"]
[WhiteElo "2220"]
[BlackElo "2361"]
[PlyCount "84"]
[EventDate "2009.03.??"]
[EventType "team-tourn"]
[EventRounds "9"]
[WhiteTeam "Neutraubling 1"]
[BlackTeam "Schwandorf 1"]

1. Nf3 c5 2. c4 Nc6 3. Nc3 g6 4. g3 Bg7 5. Bg2 Nh6 6. a3 Nf5 7. Rb1 a5 8. O-O
O-O 9. Ne1 d6 10. e3 e5 11. b3 Be6 12. Nc2 Nfe7 13. Nd5 f5 14. d3 Rb8 15. b4
axb4 16. axb4 Bxd5 17. cxd5 Nxb4 18. Nxb4 cxb4 19. Rxb4 b5 20. Qb3 Qd7 21. Bd2
Rb6 22. Rb1 Rfb8 23. f4 Kh8 24. Bc3 Rc8 25. Qb2 Qc7 26. Rc1 Qb8 27. fxe5 dxe5
28. e4 Rc5 29. Ra1 Qc7 30. Rb3 Nc8 31. Ra8 fxe4 32. dxe4 b4 33. Be1 Rc2 34. Qa1
Qc4 35. Qa4 Rf6 36. Rf3 Qe2 37. Qxc2 Qxc2 38. Rxf6 Bxf6 39. Bh3 Kg7 40. Rxc8
Qxe4 41. Rc7+ Kh6 42. Bd2+ Bg5 0-1

[Event "Bayern-chTT (LL Nord)"]
[Site "Bayern 2008/09"]
[Date "2008.10.26"]
[Round "2.2"]
[White "Barth, Norbert Dr"]
[Black "Werner, Claus"]
[Result "1-0"]
[WhiteElo "2208"]
[BlackElo "2197"]
[PlyCount "69"]
[EventDate "2009.03.??"]
[EventType "team-tourn"]
[EventRounds "9"]
[WhiteTeam "Schwandorf 1"]
[BlackTeam "Neutraubling 1"]

1. e4 g6 2. d4 Bg7 3. Nf3 c6 4. Be2 d5 5. Nc3 dxe4 6. Nxe4 Nd7 7. O-O Ngf6 8.
Nxf6+ Nxf6 9. c3 O-O 10. Re1 Re8 11. Bc4 Nd5 12. Ne5 Be6 13. Qf3 Qd6 14. Bb3 b5
15. Nd3 Bf5 16. Ne5 Be6 17. h3 Rac8 18. Nd3 Bf5 19. Nf4 Rcd8 20. Nh5 Bh8 21.
Ng3 Qf6 22. a4 b4 23. Bd2 bxc3 24. bxc3 Bc8 25. Qe2 Qh4 26. Qc4 Bd7 27. Ne4 h6
28. Nc5 Bc8 29. Re4 Qf6 30. Rae1 Bg7 31. Qe2 Bf8 32. Re5 Bf5 33. Qa6 g5 34.
Bxd5 Bc8 35. Qxc6 1-0

[Event "Bayern-chTT (LL Nord)"]
[Site "Bayern 2008/09"]
[Date "2008.10.26"]
[Round "2.3"]
[White "Wutz, Christoph"]
[Black "Muehling, Werner"]
[Result "1-0"]
[WhiteElo "2145"]
[BlackElo "2131"]
[PlyCount "85"]
[EventDate "2009.03.??"]
[EventType "team-tourn"]
[EventRounds "9"]
[WhiteTeam "Neutraubling 1"]
[BlackTeam "Schwandorf 1"]

1. e4 e5 2. Nf3 Nc6 3. Bb5 a6 4. Ba4 Nf6 5. Qe2 d6 6. O-O Bd7 7. c3 Be7 8. d4
b5 9. Bb3 O-O 10. Rd1 Qc8 11. Nbd2 Re8 12. Nf1 Bd8 13. Ng3 Na5 14. Bc2 c5 15.
b3 Bg4 16. d5 Nh5 17. Nf5 Bxf5 18. exf5 Nf6 19. Ng5 Bb6 20. g4 c4 21. b4 Nb7
22. a4 Qd7 23. a5 Ba7 24. Nh3 h6 25. Kh1 Nh7 26. g5 hxg5 27. Nxg5 Nf6 28. Qf3
Kf8 29. Ne4 Nxe4 30. Bxe4 f6 31. Rg1 Qf7 32. Bd2 Ke7 33. Rg6 Rh8 34. Rag1 Rh7
35. Qg3 Rg8 36. Be3 Bb8 37. Rg2 Bc7 38. Bd2 Kd7 39. Qe3 Ra8 40. Qg3 Rg8 41. Bh6
gxh6 42. Rxg8 Bd8 43. Qe3 1-0

[Event "Bayern-chTT (LL Nord)"]
[Site "Bayern 2008/09"]
[Date "2008.10.26"]
[Round "2.4"]
[White "Votruba, Pavel"]
[Black "Gegenfurtner, Juergen"]
[Result "0-1"]
[WhiteElo "2110"]
[BlackElo "2089"]
[PlyCount "62"]
[EventDate "2009.03.??"]
[EventType "team-tourn"]
[EventRounds "9"]
[WhiteTeam "Schwandorf 1"]
[BlackTeam "Neutraubling 1"]

1. Nf3 Nf6 2. c4 e6 3. b3 b6 4. Bb2 Bb7 5. e3 c5 6. Nc3 d6 7. d4 Be7 8. Bd3 O-O
9. O-O a6 10. Qe2 Nbd7 11. Rad1 Qc7 12. Bb1 Rfe8 13. e4 cxd4 14. Nxd4 Rac8 15.
f4 Qb8 16. Nf3 Rc5 17. Ne1 b5 18. Nd3 Rh5 19. cxb5 axb5 20. Rde1 Rh4 21. a3 Bd8
22. h3 Bb6+ 23. Kh2 e5 24. fxe5 Nxe5 25. Nxe5 Rxe5 26. Nxb5 d5 27. Bxe5 Qxe5+
28. Kh1 Nh5 29. Rf3 dxe4 30. Rc1 Qg5 31. Qc2 exf3 0-1

[Event "Bayern-chTT (LL Nord)"]
[Site "Bayern 2008/09"]
[Date "2008.10.26"]
[Round "2.5"]
[White "Dietrich, Reinhard(70)"]
[Black "Jehl, Guenter"]
[Result "0-1"]
[WhiteElo "2049"]
[BlackElo "2076"]
[PlyCount "64"]
[EventDate "2009.03.??"]
[EventType "team-tourn"]
[EventRounds "9"]
[WhiteTeam "Neutraubling 1"]
[BlackTeam "Schwandorf 1"]

1. e4 d5 2. exd5 Qxd5 3. Nc3 Qd6 4. d4 Nf6 5. Nf3 Bg4 6. Nb5 Qd8 7. Bf4 Na6 8.
Be2 c6 9. Na3 e6 10. Nc4 Nb4 11. O-O Nbd5 12. Bg5 h6 13. Bc1 Qc7 14. Nce5 Bf5
15. c4 Nb4 16. a3 Nc2 17. Ra2 c5 18. d5 Bd6 19. Bd3 Nd4 20. Bxf5 Nxf5 21. Qa4+
Kf8 22. Re1 Re8 23. dxe6 Nd4 24. Nxd4 Bxe5 25. Nf3 Rxe6 26. Be3 Ng4 27. Qxa7
Bxh2+ 28. Kh1 Rxe3 29. Qa8+ Ke7 30. Rxe3+ Kf6 31. Ne5 Nxf2+ 32. Kxh2 Rxa8 0-1

[Event "Bayern-chTT (LL Nord)"]
[Site "Bayern 2008/09"]
[Date "2008.10.26"]
[Round "2.6"]
[White "Stoeckl, Stephan"]
[Black "Maerz, Julian"]
[Result "1-0"]
[WhiteElo "1976"]
[BlackElo "2015"]
[PlyCount "77"]
[EventDate "2009.03.??"]
[EventType "team-tourn"]
[EventRounds "9"]
[WhiteTeam "Schwandorf 1"]
[BlackTeam "Neutraubling 1"]

1. Nf3 c5 2. c4 Nc6 3. b3 Nf6 4. Bb2 e6 5. g3 d5 6. Bg2 d4 7. d3 Bd6 8. O-O Qc7
9. e3 dxe3 10. fxe3 Ng4 11. Qe2 h5 12. Nc3 h4 13. Nb5 Qb8 14. Nxd6+ Qxd6 15.
Nxh4 f5 16. Rad1 Bd7 17. Bf3 Nce5 18. Bxe5 Nxe5 19. d4 Nxf3+ 20. Nxf3 O-O-O 21.
Ne5 Be8 22. Qb2 Bh5 23. Rd2 g5 24. d5 a6 25. Rff2 Kc7 26. b4 Rhe8 27. Rd3 Kb8
28. bxc5 Qxc5 29. Nc6+ Kc8 30. Nxd8 Rxd8 31. Rb3 exd5 32. Rxb7 Rd7 33. Rxd7
Kxd7 34. Qg7+ Qe7 35. Qxe7+ Kxe7 36. cxd5 Bg4 37. Kg2 Kd6 38. h3 Bd1 39. Rxf5
1-0

[Event "Bayern-chTT (LL Nord)"]
[Site "Bayern 2008/09"]
[Date "2008.10.26"]
[Round "2.7"]
[White "Werner, Holger(72)"]
[Black "Lautner, Juergen"]
[Result "1-0"]
[WhiteElo "1824"]
[BlackElo "1942"]
[PlyCount "83"]
[EventDate "2009.03.??"]
[EventType "team-tourn"]
[EventRounds "9"]
[WhiteTeam "Neutraubling 1"]
[BlackTeam "Schwandorf 1"]

1. e4 c5 2. Nc3 Nc6 3. g3 g6 4. Bg2 Bg7 5. f4 d6 6. Nf3 e6 7. O-O Nge7 8. d3
O-O 9. Be3 Nd4 10. Qd2 Rb8 11. Nh4 f5 12. Nd1 b6 13. c3 Ndc6 14. Nf2 d5 15. Qc2
d4 16. Bd2 e5 17. Rae1 Be6 18. fxe5 Qd7 19. exf5 gxf5 20. Bf4 Rbe8 21. Qe2 dxc3
22. bxc3 Nd5 23. Qd2 Rd8 24. Nf3 b5 25. Ng5 Nxf4 26. gxf4 c4 27. Nxe6 Qxe6 28.
d4 Ne7 29. Nd1 b4 30. cxb4 Qb6 31. Kh1 Rxd4 32. Qc3 Rc8 33. Nb2 Ng6 34. Na4 Qd8
35. Nc5 Rxf4 36. Rxf4 Nxf4 37. Qxc4+ Kh8 38. Qxf4 Qe7 39. Qxf5 Rf8 40. Qh3 Qg5
41. Ne6 Qd2 42. Qe3 1-0

[Event "Bayern-chTT (LL Nord)"]
[Site "Bayern 2008/09"]
[Date "2008.10.26"]
[Round "2.8"]
[White "Paar, Johannes"]
[Black "Schmalz, David"]
[Result "1-0"]
[WhiteElo "1866"]
[BlackElo "1781"]
[PlyCount "35"]
[EventDate "2009.03.??"]
[EventType "team-tourn"]
[EventRounds "9"]
[WhiteTeam "Schwandorf 1"]
[BlackTeam "Neutraubling 1"]

1. e4 Nf6 2. Nc3 d5 3. exd5 Nxd5 4. Nxd5 Qxd5 5. d4 Nc6 6. Be3 Bf5 7. Nf3 O-O-O
8. c3 Be4 9. Be2 f6 10. O-O g5 11. c4 Qf5 12. Nd2 h5 13. Nxe4 Qxe4 14. d5 e6
15. Bd3 Qg4 16. dxc6 Rxd3 17. Qxd3 Bd6 18. cxb7+ 1-0

[Event "Bayern-chTT (LL Nord)"]
[Site "Bayern 2008/09"]
[Date "2008.10.26"]
[Round "2.1"]
[White "Haba, Zdenek"]
[Black "Kraft, Volker(62)"]
[Result "1/2-1/2"]
[WhiteElo "2205"]
[BlackElo "2395"]
[PlyCount "108"]
[EventDate "2009.03.??"]
[EventType "team-tourn"]
[EventRounds "9"]
[WhiteTeam "Kulmbach 1"]
[BlackTeam "Zirndorf 1"]

1. d4 Nf6 2. c4 e5 3. dxe5 Ng4 4. Bf4 Bb4+ 5. Nc3 Bxc3+ 6. bxc3 Nc6 7. Nf3 Qe7
8. Qd5 f6 9. exf6 Nxf6 10. Qd3 d6 11. e3 b6 12. Bg5 Bb7 13. Qf5 O-O 14. Bd3 Ne5
15. Nxe5 Qxe5 16. Qxe5 dxe5 17. O-O Be4 18. Rfd1 Bxd3 19. Rxd3 Ne4 20. Bh4 Rae8
21. Rad1 Re6 22. f3 Nc5 23. Rd8 e4 24. Rxf8+ Kxf8 25. Rd8+ Kf7 26. Kf2 Rc6 27.
Rd4 exf3 28. gxf3 Ne6 29. Re4 Rc5 30. f4 Ra5 31. Kf3 g6 32. Re5 Rxa2 33. f5
gxf5 34. Rxf5+ Ke8 35. Rf6 Nf8 36. Bg3 c5 37. Rc6 Ra4 38. Rc8+ Kf7 39. Rc7+ Kg6
40. Rc6+ Kf7 41. Rc7+ Kg6 42. Rc6+ Kh5 43. Rf6 Ng6 44. Rf7 Kh6 45. e4 Rxc4 46.
Rxa7 Rxc3+ 47. Kg4 b5 48. Ra5 Rc4 49. Rxb5 Rxe4+ 50. Kf5 Rc4 51. Bd6 Rh4 52.
Rxc5 Rh5+ 53. Kf6 Rxc5 54. Bxc5 Nh4 1/2-1/2

[Event "Bayern-chTT (LL Nord)"]
[Site "Bayern 2008/09"]
[Date "2008.10.26"]
[Round "2.2"]
[White "Reis, Gerhard"]
[Black "Forman, Stepan"]
[Result "1-0"]
[WhiteElo "2149"]
[BlackElo "2277"]
[PlyCount "99"]
[EventDate "2009.03.??"]
[EventType "team-tourn"]
[EventRounds "9"]
[WhiteTeam "Zirndorf 1"]
[BlackTeam "Kulmbach 1"]

1. Nf3 Nf6 2. c4 g6 3. Nc3 d5 4. cxd5 Nxd5 5. Qa4+ c6 6. Qd4 f6 7. e4 Nb6 8.
Qxd8+ Kxd8 9. h3 e5 10. d4 exd4 11. Nxd4 Bd6 12. Be3 Ke7 13. a4 Rd8 14. a5 N6d7
15. f4 Nf8 16. Nf3 Ne6 17. e5 Bb4 18. exf6+ Kxf6 19. Bc4 Na6 20. O-O Kg7 21.
Ne4 Nac5 22. Ng3 Nd3 23. f5 Bc5 24. f6+ Kxf6 25. Ng5+ Kg7 26. Rf7+ Kg8 27. Bxc5
Ndxc5 28. Raf1 b5 29. axb6 axb6 30. Re7 Rd6 31. Rf6 Ra1+ 32. Kh2 Re1 33. b4 Rd4
34. Nxe6 Nxe6 35. Bxe6+ Bxe6 36. Rfxe6 Rxe6 37. Rxe6 Rxb4 38. Rxc6 Kg7 39. Ne2
h5 40. Nc3 Rb3 41. Nd5 b5 42. Rb6 g5 43. Nc7 g4 44. hxg4 hxg4 45. Rxb5 Rc3 46.
Nd5 Rd3 47. Nf4 Ra3 48. Rg5+ Kf6 49. Rxg4 Kf5 50. Rg3 1-0

[Event "Bayern-chTT (LL Nord)"]
[Site "Bayern 2008/09"]
[Date "2008.10.26"]
[Round "2.3"]
[White "Vedral, Oldrich"]
[Black "Seibold, Hubert Dr"]
[Result "1-0"]
[WhiteElo "2239"]
[BlackElo "2141"]
[PlyCount "83"]
[EventDate "2009.03.??"]
[EventType "team-tourn"]
[EventRounds "9"]
[WhiteTeam "Kulmbach 1"]
[BlackTeam "Zirndorf 1"]

1. Nf3 c5 2. e4 Nc6 3. Nc3 g6 4. d4 cxd4 5. Nxd4 Bg7 6. Be3 Nf6 7. f3 O-O 8.
Nb3 d5 9. exd5 Nb4 10. Qd2 Nbxd5 11. Nxd5 Nxd5 12. Rd1 Be6 13. Bd4 Bxd4 14.
Nxd4 Qb6 15. c3 Rad8 16. Be2 Nf6 17. b3 Bc8 18. f4 Qc7 19. Bf3 e5 20. fxe5
Qxe5+ 21. Kf2 Bg4 22. Rhe1 Qh5 23. Qf4 Bxf3 24. Qxf3 Ng4+ 25. Kg3 Qxh2+ 26.
Kxg4 h5+ 27. Kg5 Kh7 28. Re7 Rd5+ 29. Qxd5 Qg3+ 30. Kf6 Kh6 31. Qxh5+ Kxh5 32.
Rh1+ Kg4 33. Re4+ Qf4+ 34. Rxf4+ Kxf4 35. Re1 Kg3 36. Re2 Rc8 37. Kxf7 Rxc3 38.
Kxg6 a5 39. Kg5 a4 40. bxa4 Ra3 41. Nf5+ Kh2 42. g4+ 1-0

[Event "Bayern-chTT (LL Nord)"]
[Site "Bayern 2008/09"]
[Date "2008.10.26"]
[Round "2.5"]
[White "Oehrlein, Thomas"]
[Black "Zuehlke, Burkhard Dr"]
[Result "1-0"]
[WhiteElo "2188"]
[BlackElo "2002"]
[PlyCount "49"]
[EventDate "2009.03.??"]
[EventType "team-tourn"]
[EventRounds "9"]
[WhiteTeam "Kulmbach 1"]
[BlackTeam "Zirndorf 1"]

1. e4 g6 2. d4 Bg7 3. Nc3 d6 4. Bc4 e6 5. h4 a6 6. Bg5 Qd7 7. Nf3 h6 8. Be3 Nf6
9. Qe2 b5 10. Bd3 b4 11. Nb1 Bb7 12. Nbd2 Ng4 13. h5 Nxe3 14. Qxe3 g5 15. a3 a5
16. O-O Na6 17. Nc4 g4 18. Nfd2 c5 19. Qg3 Bxd4 20. Nxd6+ Ke7 21. N2c4 Bxb2 22.
Rab1 Bd4 23. e5 Raf8 24. Nxa5 Bxe5 25. Qxe5 1-0

[Event "Bayern-chTT (LL Nord)"]
[Site "Bayern 2008/09"]
[Date "2008.10.26"]
[Round "2.6"]
[White "Wiemer, Peter"]
[Black "Rehak, Martin"]
[Result "1/2-1/2"]
[WhiteElo "2089"]
[BlackElo "2128"]
[PlyCount "82"]
[EventDate "2009.03.??"]
[EventType "team-tourn"]
[EventRounds "9"]
[WhiteTeam "Zirndorf 1"]
[BlackTeam "Kulmbach 1"]

1. e4 c5 2. Nf3 d6 3. c3 Nf6 4. Bd3 Bg4 5. h3 Bxf3 6. Qxf3 Nc6 7. O-O g6 8. Qg3
Bg7 9. Bc2 O-O 10. f4 b5 11. d3 b4 12. Qf3 Qb6 13. Nd2 bxc3 14. bxc3 c4+ 15.
Kh1 cxd3 16. Bxd3 Nd7 17. Rb1 Qc7 18. Bb2 Rfc8 19. Rfc1 Rab8 20. Nb3 Na5 21.
Nd2 Nb6 22. Ba6 Rd8 23. Qd3 Na4 24. Ba1 Nc5 25. Qf1 Kf8 26. Be2 Rdc8 27. Rb4
Nc6 28. Rb5 Na5 29. Rb4 Nc6 30. Rb5 Rxb5 31. Bxb5 Rb8 32. Rb1 Na5 33. Rb4 Rc8
34. Rb1 Ra8 35. Rb4 a6 36. Be2 Nc6 37. Rc4 Rb8 38. Qd1 Qa5 39. Qc2 Ke8 40. Kh2
Qa3 41. Nb1 Qa5 1/2-1/2

[Event "Bayern-chTT (LL Nord)"]
[Site "Bayern 2008/09"]
[Date "2008.10.26"]
[Round "2.7"]
[White "Labin, Sascha"]
[Black "Bildt, Thomas"]
[Result "0-1"]
[WhiteElo "1930"]
[BlackElo "1980"]
[PlyCount "60"]
[EventDate "2009.03.??"]
[EventType "team-tourn"]
[EventRounds "9"]
[WhiteTeam "Kulmbach 1"]
[BlackTeam "Zirndorf 1"]

1. f4 d6 2. Nf3 Nc6 3. e4 e5 4. Bb5 exf4 5. d4 g5 6. d5 a6 7. Ba4 b5 8. dxc6
bxa4 9. Qd4 Qf6 10. Qxf6 Nxf6 11. Nxg5 h6 12. Nf3 Nxe4 13. Bxf4 Bg7 14. c3 O-O
15. O-O Be6 16. Nbd2 Bd5 17. Nxe4 Bxe4 18. Nd4 Rab8 19. Rae1 f5 20. Rf2 a3 21.
b3 Rb6 22. Ne6 Bxc3 23. Rxe4 fxe4 24. Nxf8 Bd4 25. Ng6 Bxf2+ 26. Kxf2 Kf7 27.
Be3 Rxc6 28. Nf4 Rc2+ 29. Kg3 Rxa2 30. Nd5 Rb2 0-1

[Event "Bayern-chTT (LL Nord)"]
[Site "Bayern 2008/09"]
[Date "2008.10.26"]
[Round "2.8"]
[White "Strobel, Norbert"]
[Black "Siegert, Wolfgang"]
[Result "1-0"]
[WhiteElo "2044"]
[BlackElo "1916"]
[PlyCount "127"]
[EventDate "2009.03.??"]
[EventType "team-tourn"]
[EventRounds "9"]
[WhiteTeam "Zirndorf 1"]
[BlackTeam "Kulmbach 1"]

1. d4 g6 2. e4 Bg7 3. Nf3 d6 4. Bc4 Nf6 5. Nc3 O-O 6. O-O Nc6 7. h3 Nxe4 8.
Bxf7+ Rxf7 9. Nxe4 h6 10. d5 Nb4 11. c3 Na6 12. Nd4 c5 13. dxc6 bxc6 14. Nxc6
Qd7 15. Nd4 d5 16. Ng3 Nc5 17. f4 Ba6 18. Rf3 Raf8 19. Be3 e5 20. fxe5 Rxf3 21.
Nxf3 Nd3 22. Qc2 Rxf3 23. gxf3 Nxe5 24. Qg2 Qf7 25. f4 Nc4 26. Re1 Nxe3 27.
Rxe3 d4 28. Qa8+ Kh7 29. Rf3 Qxa2 30. f5 Qb1+ 31. Nf1 gxf5 32. Qd5 Qe4 33.
Qxf5+ Qxf5 34. Rxf5 dxc3 35. bxc3 Bxc3 36. Ng3 Kg6 37. Rd5 Bc8 38. Kh2 Be6 39.
Rd6 Kf7 40. Ra6 Bd4 41. Ne4 Bb6 42. Kg3 Ke7 43. Nc3 Kf7 44. Nb5 Ke8 45. Nxa7
Bc7+ 46. Kg2 Bd5+ 47. Kf2 h5 48. Nb5 Bd8 49. Nd6+ Kd7 50. Nf5 Bc6 51. Kg3 Bc7+
52. Kh4 Bf3 53. Rh6 Be2 54. Rh7+ Kc8 55. Ne7+ Kb8 56. Rh8+ Kb7 57. Nd5 Ba5 58.
Nf4 Be1+ 59. Kg5 Bd2 60. Kf5 Bxf4 61. Kxf4 Kc7 62. Re8 Bc4 63. Re5 Bf7 64. Re7+
1-0